000 00953nam a22003017a 4500
003 CHAP
005 20220329134103.0
008 971013s1855 r 00010 d
010 _a15202
011 _a16174
035 _a20252
040 _cCHAP
082 _a633.75
_bH4
100 0 0 _aHeuzé, Gustave.
_955087
245 _aCulture du pavot
260 _aParis, Dusacq :
_bLibrairie agricole de la Maison Rustique,
_c1855
300 _a44 p.
_b: ilus.
500 _aExtrait du Journal d'agriculture pratique, nos. des 5 et 20 mai 1855
590 _aBATCH-UPD
_b10
_c20130110
_lUCH01
_h0342
590 _aBATCH-UPD
_b10
_c20130110
_lUCH01
_h2201
590 _aBATCH-UPD
_b10
_c20130410
_lUCH01
_h0015
590 _aBATCH-UPD
_b10
_c20130914
_lUCH01
_h1612
590 _aCONVERSION
_b10
_c20130109
_lUCH01
_h1310
650 1 4 _aPapaver sommiferum.
_985317
901 _aBK
942 _cLIBRO
949 _a633.75 H4
_bBC
_cBPP
_d-47245
_eBPP
_h22870
_i20252
_si
999 _c15202
_d15202